| 000 | 01240cad a22002055a 4500 | ||
|---|---|---|---|
| 001 | L149305 | ||
| 008 | 090720s2009 xxk 000 0 eng u | ||
| 035 | _a(Sirsi) u149325 | ||
| 041 | 0 | _aeng | |
| 100 | 1 | _aHorsley, Keith | |
| 245 | 0 | 0 |
_aKeeping your cool _ban overview of common types of air-conditioning systems _h[electronic resource] |
| 260 | _c2010 | ||
| 490 | 4 |
_aThe Journal _bRICS Building Surveying Journal _vMarch/April 2010, 18-21(4) |
|
| 520 | _aConsiders what are more properly described as "indoor climate control systems", rather than full "air-conditioning systems". The simplest type is a heating system which operates in conjunction with natural ventilation. If properly designed, and if internal heat gains are not unusually high, this option can be perfectly capable of providing effective ventilation and good temperature control for most of the year in the UK climate. | ||
| 590 | _aKA | ||
| 651 | 4 |
_aUnited Kingdom _y |
|
| 690 | _aBUILT ENVIRONMENT-BUILDING ELEMENTS-COMPLETE BUILDING SERVICES ELEMENTS-COMPLETE HEATING, VENTILATION AND AIR CONDITIONING SYSTEMS | ||
| 856 | 4 | 1 |
_uhttps://www.rics.org/site/scripts/download_info.aspx?downloadID=5880 _zView this item (member-only access) at www.rics.org |
| 942 | _n0 | ||
| 999 |
_c82133 _d82133 |
||